<?xml version="1.0" encoding="UTF-8"?><?xml-stylesheet type="text/xsl" href="static/style.xsl"?><OAI-PMH xmlns="http://www.openarchives.org/OAI/2.0/" xmlns:xsi="http://www.w3.org/2001/XMLSchema-instance" xsi:schemaLocation="http://www.openarchives.org/OAI/2.0/ http://www.openarchives.org/OAI/2.0/OAI-PMH.xsd"><responseDate>2026-04-13T16:46:25Z</responseDate><request verb="GetRecord" identifier="oai:www.recercat.cat:2445/107948" metadataPrefix="marc">https://recercat.cat/oai/request</request><GetRecord><record><header><identifier>oai:recercat.cat:2445/107948</identifier><datestamp>2025-12-10T00:19:40Z</datestamp><setSpec>com_2072_1057</setSpec><setSpec>col_2072_478917</setSpec></header><metadata><record xmlns="http://www.loc.gov/MARC21/slim" xmlns:dcterms="http://purl.org/dc/terms/" xmlns:xsi="http://www.w3.org/2001/XMLSchema-instance" xmlns:doc="http://www.lyncode.com/xoai" xsi:schemaLocation="http://www.loc.gov/MARC21/slim http://www.loc.gov/standards/marcxml/schema/MARC21slim.xsd">
   <leader>00925njm 22002777a 4500</leader>
   <datafield ind2=" " ind1=" " tag="042">
      <subfield code="a">dc</subfield>
   </datafield>
   <datafield ind2=" " ind1=" " tag="720">
      <subfield code="a">Ramis, Rebeca</subfield>
      <subfield code="e">author</subfield>
   </datafield>
   <datafield ind2=" " ind1=" " tag="720">
      <subfield code="a">Tamayo Uria, Ibon</subfield>
      <subfield code="e">author</subfield>
   </datafield>
   <datafield ind2=" " ind1=" " tag="720">
      <subfield code="a">Gómez Barroso, Diana</subfield>
      <subfield code="e">author</subfield>
   </datafield>
   <datafield ind2=" " ind1=" " tag="720">
      <subfield code="a">López Abente, Gonzalo</subfield>
      <subfield code="e">author</subfield>
   </datafield>
   <datafield ind2=" " ind1=" " tag="720">
      <subfield code="a">Morales Piga, Antonio</subfield>
      <subfield code="e">author</subfield>
   </datafield>
   <datafield ind2=" " ind1=" " tag="720">
      <subfield code="a">Pardo Romaguera, Elena</subfield>
      <subfield code="e">author</subfield>
   </datafield>
   <datafield ind2=" " ind1=" " tag="720">
      <subfield code="a">Aragonès Sanz, Núria</subfield>
      <subfield code="e">author</subfield>
   </datafield>
   <datafield ind2=" " ind1=" " tag="720">
      <subfield code="a">García Pérez, Javier</subfield>
      <subfield code="e">author</subfield>
   </datafield>
   <datafield ind2=" " ind1=" " tag="260">
      <subfield code="c">2017-03-06T13:50:11Z</subfield>
   </datafield>
   <datafield ind2=" " ind1=" " tag="260">
      <subfield code="c">2017-03-06T13:50:11Z</subfield>
   </datafield>
   <datafield ind2=" " ind1=" " tag="260">
      <subfield code="c">2017-02-17</subfield>
   </datafield>
   <datafield ind2=" " ind1=" " tag="260">
      <subfield code="c">2017-03-01T19:00:57Z</subfield>
   </datafield>
   <datafield ind2=" " ind1=" " tag="520">
      <subfield code="a">Background: Central nervous system tumors (CNS) are the most frequent solid tumor in children. Causes of CNS tumors are mainly unknown and only 5% of the cases can be explained by genetic predisposition. We studied the effects of environmental exposure on the incidence of CNS tumors in children by subtype, according to exposure to industrial and/or urban environment, exposure to crops and according to socio-economic status of the child. Methods: We carried out a population-based case-control study of CNS tumors in Spain, covering 714 incident cases collected from the Spanish Registry of Childhood Tumors (period 1996–2011) and 4284 controls, individually matched by year of birth, sex, and autonomous region of residence. We built a covariate to approximate the exposure to industrial and/or urban environment and a covariate for the exposure to crops (GCI) using the coordinates of the home addresses of the children. We used the 2001 Census to obtain information about socio-economic status (SES). We fitted logistic regression models to estimate odds ratios (ORs) and 95% confidence intervals (95%CIs). Results: &#xd;
The results for all CNS tumors showed an excess risk (OR = 1.37; 95%CI = 1.09–1.73) for SES, i.e., children living in the least deprived areas had 37% more risk of CNS tumor than children living in the most deprived areas. For GCI, an increase of 10% in crop surface in the 1-km buffer around the residence implied an increase of 22% in the OR (OR = 1.22; 95%CI = 1.15–1.29). Children living in the intersection of industrial and urban areas could have a greater risk of CNS tumors than children who live outside these areas (OR = 1.20; 95%CI = 0.82–1.77). Living in urban areas (OR = 0.90; 95%CI = 0.65–1.24) or industrial areas (OR = 0.96; 95%CI = 0.81–1.77) did not seem to increase the risk for all CNS tumors together. By subtype, Astrocytomas, Intracranial and intraspinal embryonal tumors, and other gliomas showed similar results. Conclusion: &#xd;
Our results suggest that higher socioeconomic status and exposure to crops could increase the risk of CNS tumors in children.</subfield>
   </datafield>
   <datafield tag="653" ind2=" " ind1=" ">
      <subfield code="a">Sistema nerviós central</subfield>
   </datafield>
   <datafield tag="653" ind2=" " ind1=" ">
      <subfield code="a">Infants</subfield>
   </datafield>
   <datafield tag="653" ind2=" " ind1=" ">
      <subfield code="a">Central nervous system</subfield>
   </datafield>
   <datafield tag="653" ind2=" " ind1=" ">
      <subfield code="a">Children</subfield>
   </datafield>
   <datafield ind2="0" ind1="0" tag="245">
      <subfield code="a">Risk factors for central nervous system tumors in children: New&#xd;
                findings from a case-control study</subfield>
   </datafield>
</record></metadata></record></GetRecord></OAI-PMH>